000 01294namaa22003131i 4500
003 EG-GICUC
005 20260405111334.0
008 260405s1988 ku ||||jrd||| 001 0 ara d
040 _aEG-GiCUC
_bara
_cEG-GiCUC
_dEG-GiCUC
_erda
082 0 4 _221
_a228.03
_bU48
092 0 4 _221
_a228.03
_bU48
099 _a228.03 U48 1988
100 1 _aعمر، أحمد مختار
_eمؤلف.
245 1 _aمعجم القراءات القرآنية مع مقدمة فى القراءات وأشهر القراء /
_cإعداد الدكتور أحمد مختار عمر، الدكتور عبد العال سالم مكرم
250 _aالطبعة الثانية
264 _aالكويت :
_bمطبوعات جامعة الكويت،
_c1988.
300 _aمجلدات 4 فى 8 ؛
_bإيضاحيات ؛
_c24 سم
_e+ 1 مجلد فهارس
336 _2rdacontent
_atext
337 _2rdamedia
_aUnmediated
338 _2rdacarrier
_avolume
504 _aيشتمل على ارجاعات ببليوجرافية
541 _aد. جابر عصفور ؛
_bالقاهرة ؛
_cإهداء ؛
_d2024.
630 _aالقرآن
_vمعاجم
_xالقراءات
650 1 7 _2qrmak
651 1 _2qrmak
700 1 _aمكرم، عبد العال سالم
905 _aHuda
942 _2ddc
_cBK
_e21
_n0
999 _c179177
_d179177